00535nam a22001697a 4500020001500000082001700015100001400032245004200046260003500088300001000123650002300133650002900156650002300185942000700208999001700215952013300232 a8174090665 a621.3822 SAR aN. Sarkar aElements of Digital signal processing aDelhibKhanna Publishersc2008 a775p. aSignal processfing aAnalog signal processing aDigital Techniques cBK c13738d13738 001040708NFICaCLbCLcGENd2016-09-28eAllied Book Companyg270.72l0o621.3822 SARpSEECS013508r2016-09-28w2016-09-28yBK